000 01658cam a2200349 a 4500
001 EDZ0000062277
003 StDuBDS
005 20161031105208.0
006 m||||||||d||||||||
007 cr |||||||||||
008 120307s1994 caua fo| 001|0|eng|d
020 _a9781452243382 (ebook) :
_cNo price
040 _aStDuBDS
_beng
_cStDuBDS
_epn
049 _aAlfaisal Main Library
050 0 _aHQ1061
_b.A4578 1994
082 0 4 _a305.26
_223
245 0 4 _aThe aging experience
_h[electronic resource] :
_bdiversity and commonality across cultures /
_cJennie Keith ... [et al.].
260 _aThousand Oaks, Calif. ;
_aLondon :
_bSAGE,
_cc1994.
300 _a1 online resource (xxxiv, 371 p.) :
_bill.
520 8 _aIn an attempt to understand the meaning of ageing and the treatment of the aged in different cultures, seven anthropologists have made studies of 10 communities on four continents - the results of which are presented in this book. The authors use both qualitative and statistical data to examine such issues as: health and well-being, perceptions of the life course, material resources, and functionality of elders.
521 _aSpecialized.
588 _aDescription based on print version record.
504 _aIncludes bibliographical references and index.
650 0 _aOlder people
_vCross-cultural studies.
650 0 _aOld age
_vCross-cultural studies.
655 7 _aElectronic books.
_2local
700 1 _aKeith, Jennie.
710 2 _aSage eBooks
776 0 8 _iPrint version :
_z9780803958678
856 4 0 _uhttp://ezproxy.alfaisal.edu/login?url=http://sk.sagepub.com/books/the-aging-experience
942 _2lcc
_cEBOOKS
999 _c481438
_d481438